Evita, la tumba sin paz /
Un recuento de la vida y muerte de Eva Perón así como el misterio que encierra el paradero de su cuerpo embalsamado.
Guardado en:
| Autor Principal: | |
|---|---|
| Formato: | |
| Publicado: |
Argentina,
1997.
|
| Materias: | |
| Etiquetas: |
Agregar Etiqueta
Sin Etiquetas, Sea el primero en etiquetar este registro!
|
| LEADER | 00941ngm a22002295g 4500 | ||
|---|---|---|---|
| 001 | CEM.cems022372 | ||
| 008 | 130507s1997##################0###0#####d | ||
| 005 | 20241031141756.0 | ||
| 245 | 1 | 0 | |a Evita, la tumba sin paz / |c Tristán Bauer. |
| 260 | |a Argentina, |c 1997. | ||
| 300 | |a 50'. | ||
| 500 | |a En soporte VHS, consultar en ventanilla. | ||
| 505 | 0 | |a La figura de Eva Perón. Su función social. La enfermedad. Su muerte. El cadáver: momificación. Posterior mutilación y desaparición. | |
| 520 | |a Un recuento de la vida y muerte de Eva Perón así como el misterio que encierra el paradero de su cuerpo embalsamado. | ||
| 538 | |a Soporte: VHS - Norma: Pal N - Color: Si - Grabación DRD 1998 - Hitachi=0000 | ||
| 100 | 1 | |a Bauer, Tristán | |
| 082 | 9 | 8 | |/ JUI |
| 653 | |a HISTORIA ARGENTINA | ||
| 653 | |a EVITA | ||
| 653 | |a PERON, EVA | ||
| 653 | |a EVA PERON | ||
| 859 | |a CEMS |b BIB. CEMS - Depto. Recursos Didacticos |h 982 |i JUI |k DRD |p 1015.12 |t Ej.1 | ||
